Statistiken für Länder mit einer Staatsreligion

Klicken Sie hier um das Quiz zu spielen!

Allgemein

  • Dieses Quiz wurde 107 mal gespielt
  • Das Durchschnittsergebnis liegt bei 24 aus 43

Antwortstatistiken

GlaubensrichtungStaat% Korrekt
Islam (allgemein)Irak
91%
Schiitischer IslamIran
91%
Sunnitischer IslamSaudi-Arabien
90%
Sunnitischer IslamKatar
84%
Ibaditischer IslamOman
82%
Islam (allgemein)Jemen
80%
Sunnitischer IslamPakistan
80%
Sunnitischer IslamVereinigte Arabische Emirate
77%
Sunnitischer IslamÄgypten
76%
Islam (allgemein)Bahrain
76%
Katholisches ChristentumVatikanstadt
76%
Sunnitischer IslamAlgerien
75%
Sunnitischer IslamMarokko
74%
Sunnitischer IslamAfghanistan
73%
Sunnitischer IslamTunesien
73%
Sunnitischer IslamKuwait
72%
Sunnitischer IslamJordanien
66%
Sunnitischer IslamBangladesch
65%
Sunnitischer IslamLibyen
64%
Theravada-BuddhismusThailand
64%
Vajrayana-BuddhismusBhutan
60%
Theravada-BuddhismusMyanmar
56%
Theravada-BuddhismusKambodscha
55%
Sunnitischer IslamMalaysia
55%
Orthodoxes ChristentumGriechenland
51%
Sunnitischer IslamMauretanien
50%
Sunnitischer IslamSomalia
50%
Lutherisches ChristentumNorwegen
45%
Theravada-BuddhismusSri Lanka
45%
Lutherisches ChristentumDänemark
44%
Sunnitischer IslamBrunei
43%
Katholisches ChristentumLiechtenstein
42%
Sunnitischer IslamMalediven
42%
Lutherisches ChristentumIsland
41%
Katholisches ChristentumMonaco
36%
Katholisches ChristentumMalta
34%
Orthodoxes ChristentumGeorgien
31%
Sunnitischer IslamDschibuti
28%
Sunnitischer IslamKomoren
28%
Katholisches ChristentumCosta Rica
10%
Christentum (allgemein)Sambia
10%
Methodistisches ChristentumTonga
10%
Calvinistisches ChristentumTuvalu
8%

Verteilung der Resultate

Perzentil nach korrekt beantworteten Fragen

Anzahl Personen mit jedem Resultat

Ihre Resultats-Entwicklung

Sie haben dieses Quiz noch nicht gespielt